|
|
|
|
| LEADER |
00000nab a2200000 a 4500 |
| 001 |
vtls000165630 |
| 003 |
SK-MaSNL |
| 005 |
20260303213122.0 |
| 008 |
111104c1983 xo 0 slo |
| 015 |
|
|
|a SNBRB19rr/mm-uuuuu
|
| 035 |
|
|
|a CL0175741
|
| 040 |
|
|
|a SNKBUCL
|b slo
|c SNKBUCL
|e AACR2
|
| 041 |
0 |
|
|a slo
|
| 044 |
|
|
|a xo
|c SK
|
| 080 |
|
|
|a 377.5:635
|2 1981
|
| 080 |
|
|
|a 635
|2 1981
|
| 100 |
1 |
|
|a Hurňák, Andrej
|4 aut
|9 7705
|
| 245 |
1 |
0 |
|a Nové poňatie technických záhradníckych pracovníkov od r. 1984 - II
|c Andrej Hurňák
|
| 650 |
0 |
7 |
|a stredné školy
|2 snkbucl
|9 1279
|
| 650 |
0 |
7 |
|a sadovnícka tvorba (predmet vyučovací)
|2 snkbucl
|9 439055
|
| 655 |
|
7 |
|a články z novín a časopisov
|2 snkbucl
|9 267496
|
| 773 |
0 |
|
|t Záhradníctvo
|g Roč. 8, č. 10 (1983), s. 449-450
|
| 850 |
|
|
|a Slovenská národná knižnica v Martine
|a MTA001
|
| 852 |
|
|
|a SNK
|b KIS3GCP
|
| 958 |
|
|
|a RK
|
| 992 |
|
|
|a RBX
|
| 999 |
|
|
|c 2210708
|d 2212638
|